| 000 | 00364nam a2200157Ia 4500 | ||
|---|---|---|---|
| 008 | 130318s9999 xx 000 0 und d | ||
| 020 | _a9780070582910 | ||
| 082 | _a621.395 SZE/V | ||
| 100 | _aSze, S.M | ||
| 245 | _aVLSI technology | ||
| 250 | _a2 | ||
| 260 |
_bTata McGraw Hill _aNew Delhi _c1988 |
||
| 300 | _a676 | ||
| 650 | _aCIRCUIT DESIGN | ||
| 650 | _aVLSI | ||
| 999 |
_c1799 _d1799 |
||